| 000 | 00441nam a22001337a 4500 | ||
|---|---|---|---|
| 005 | 20241106110024.0 | ||
| 008 | 241106b |||||||| |||| 00| 0 eng d | ||
| 245 | _aThe Ghana Law Reports 1980 | ||
| 260 |
_aAccra, Ghana _bCouncil for Law Reporting _c1987 |
||
| 300 |
_a lii, 994 pages _c25 cm |
||
| 500 | _acases determined by the High Court and the Court of Appeal of the Republic of Ghana. | ||
| 650 |
_2Law Reports _xGhana |
||
| 942 |
_2lcc _cBK _n0 |
||
| 999 |
_c679 _d679 |
||